MARC details
| 000 -LEADER |
| fixed length control field |
03272cgm a22006497i 4500 |
| 001 - CONTROL NUMBER |
| control field |
1339102386 |
| 005 - DATE AND TIME OF LATEST TRANSACTION |
| control field |
20250827152044.0 |
| 007 - PHYSICAL DESCRIPTION FIXED FIELD--GENERAL INFORMATION |
| fixed length control field |
vd cvaizq |
| 008 - FIXED-LENGTH DATA ELEMENTS--GENERAL INFORMATION |
| fixed length control field |
220808p20222021enk570 e vleng d |
| 024 1# - OTHER STANDARD IDENTIFIER |
| Standard number or code |
191329230879 |
| 028 42 - PUBLISHER NUMBER |
| Publisher number |
1000818644 |
| Source |
BBC |
| 035 ## - SYSTEM CONTROL NUMBER |
| System control number |
2374976 |
| 035 ## - SYSTEM CONTROL NUMBER |
| System control number |
(OCoLC)1339102386 |
| 035 ## - SYSTEM CONTROL NUMBER |
| System control number |
(OCoLC)on1339102386 |
| 037 ## - SOURCE OF ACQUISITION |
| Source of stock number/acquisition |
Midwest Tape |
| Note |
http://www.midwesttapes.com |
| 040 ## - CATALOGING SOURCE |
| Original cataloging agency |
TEFMT |
| Language of cataloging |
eng |
| Description conventions |
rda |
| Transcribing agency |
TEFMT |
| Modifying agency |
OCLCQ |
| -- |
TEF |
| 041 1# - LANGUAGE CODE |
| Language code of text/sound track or separate title |
eng |
| Language code of original and/or intermediate translations of text |
eng |
| 043 ## - GEOGRAPHIC AREA CODE |
| Geographic area code |
e-uk-en |
| 050 #4 - LIBRARY OF CONGRESS CALL NUMBER |
| Classification number |
PN1992.77 |
| Item number |
.C35 2022 |
| 092 ## - LOCALLY ASSIGNED DEWEY CALL NUMBER (OCLC) |
| Classification number |
dvd |
| 099 ## - LOCAL FREE-TEXT CALL NUMBER (OCLC) |
| Classification number |
DVD |
| -- |
A |
| 130 0# - MAIN ENTRY--UNIFORM TITLE |
| Uniform title |
Call the midwife (Television program) |
| 9 (RLIN) |
5789361 |
| 245 01 - TITLE STATEMENT |
| Title |
Call the midwife. |
| Number of part/section of a work |
Season eleven / |
| Statement of responsibility, etc |
series created by Heidi Thomas ; directed by Syd Macartney [and 7 others] ; produced by Ann Tricklebank ; writers, Heidi Thomas [and 5 others]. |
| 264 #1 - Production, Publication, Distribution, Manufacture, and Copyright Notice. |
| Place of production, publication, distribution, manufacture |
London : |
| Name of producer, publisher, distributor, manufacturer |
BBC, |
| Date of production, publication, distribution, manufacture, or copyr |
[2022] |
| 300 ## - PHYSICAL DESCRIPTION |
| Extent |
3 videodiscs (570 min.) : |
| Other physical details |
sound, color ; |
| Dimensions |
4 3/4 in. |
| 336 ## - Content Type |
| Content type term |
two-dimensional moving image |
| 337 ## - Media type |
| Media type term |
video |
| 338 ## - Carrier type |
| Carrier type term |
videodisc |
| 500 ## - GENERAL NOTE |
| General note |
Title from web page. |
| 500 ## - GENERAL NOTE |
| General note |
Originally broadcast as single episodes of a television program in 2021. |
| 500 ## - GENERAL NOTE |
| General note |
Wide screen (16:9) |
| 500 ## - GENERAL NOTE |
| General note |
Extra features: Behind the scenes; Series II featurette; Christmas featurette; Wedding featurette. |
| 511 1# - PARTICIPANT OR PERFORMER NOTE |
| Participant or performer note |
Vanessa Redgrave, Jenny Agutter, Laura Main. |
| 520 ## - SUMMARY, ETC. |
| Summary, etc |
1967 brings fresh medical and personal challenges to the midwifery and district nursing rounds. Thanks to Matthew₂s continued support, things at Nonnatus House are now settled and going well, and Trixie helps Matthew understand the community he is becoming a part of. Doctor Turner faces some changes in his relationship with Timothy now that he is an adult, while Shelagh continues to support community health programs. Across the series, the team faces challenging situations concerning addiction, a baby with a life-threatening condition, breastfeeding difficulties, and a Holocaust survivor. |
| 538 ## - SYSTEM DETAILS NOTE |
| System details note |
DVD; Region 1, NTSC; Wide screen (16:9); Dolby Digital; Stereo. |
| 546 ## - LANGUAGE NOTE |
| Language note |
Can be viewed subtitled in English. |
| 650 #0 - SUBJECT ADDED ENTRY--TOPICAL TERM |
| Topical term or geographic name as entry element |
Midwives |
| Geographic subdivision |
England |
| -- |
London |
| Form subdivision |
Drama. |
| 9 (RLIN) |
5789339 |
| 650 #0 - SUBJECT ADDED ENTRY--TOPICAL TERM |
| Topical term or geographic name as entry element |
Midwifery |
| Geographic subdivision |
England |
| -- |
London |
| Form subdivision |
Drama. |
| 9 (RLIN) |
6437985 |
| 650 #0 - SUBJECT ADDED ENTRY--TOPICAL TERM |
| Topical term or geographic name as entry element |
Nuns |
| Geographic subdivision |
England |
| -- |
London |
| Form subdivision |
Drama. |
| 9 (RLIN) |
6360817 |
| 650 #0 - SUBJECT ADDED ENTRY--TOPICAL TERM |
| Topical term or geographic name as entry element |
Pregnant women |
| Geographic subdivision |
England |
| -- |
London |
| Form subdivision |
Drama. |
| 9 (RLIN) |
5789341 |
| 650 #0 - SUBJECT ADDED ENTRY--TOPICAL TERM |
| Topical term or geographic name as entry element |
Convents |
| Geographic subdivision |
England |
| -- |
London |
| Form subdivision |
Drama. |
| 9 (RLIN) |
6457576 |
| 650 #0 - SUBJECT ADDED ENTRY--TOPICAL TERM |
| Topical term or geographic name as entry element |
Nineteen sixties |
| Form subdivision |
Drama. |
| 9 (RLIN) |
5764171 |
| 651 #0 - SUBJECT ADDED ENTRY--GEOGRAPHIC NAME |
| Geographic name |
East End (London, England) |
| General subdivision |
Social conditions |
| Chronological subdivision |
20th century |
| Form subdivision |
Drama. |
| 9 (RLIN) |
6457577 |
| 655 #7 - INDEX TERM--GENRE/FORM |
| Genre/form data or focus term |
Television programs. |
| Source of term |
lcgft. |
| 655 #7 - INDEX TERM--GENRE/FORM |
| Genre/form data or focus term |
Video recordings for the hearing impaired. |
| Source of term |
lcgft. |
| 655 #7 - INDEX TERM--GENRE/FORM |
| Genre/form data or focus term |
Television series. |
| Source of term |
lcgft. |
| 655 #7 - INDEX TERM--GENRE/FORM |
| Genre/form data or focus term |
Fiction television programs. |
| Source of term |
lcgft. |
| 9 (RLIN) |
5673656 |
| 700 1# - ADDED ENTRY--PERSONAL NAME |
| Personal name |
Thomas, Heidi, |
| Dates associated with a name |
1962- |
| Relator term |
creator, |
| -- |
screenwriter. |
| 9 (RLIN) |
5789357 |
| 700 1# - ADDED ENTRY--PERSONAL NAME |
| Personal name |
Macartney, Syd, |
| Dates associated with a name |
1954- |
| Relator term |
director. |
| 9 (RLIN) |
5789359 |
| 700 1# - ADDED ENTRY--PERSONAL NAME |
| Personal name |
Tricklebank, Ann, |
| Relator term |
producer. |
| 9 (RLIN) |
6208299 |
| 700 1# - ADDED ENTRY--PERSONAL NAME |
| Personal name |
Redgrave, Vanessa, |
| Dates associated with a name |
1937- |
| Relator term |
actor. |
| 9 (RLIN) |
27595 |
| 700 1# - ADDED ENTRY--PERSONAL NAME |
| Personal name |
Agutter, Jenny, |
| Relator term |
actor. |
| 9 (RLIN) |
15053 |
| 700 1# - ADDED ENTRY--PERSONAL NAME |
| Personal name |
Main, Laura, |
| Dates associated with a name |
1981- |
| Relator term |
actor. |
| 9 (RLIN) |
5923515 |
| 710 2# - ADDED ENTRY--CORPORATE NAME |
| Corporate name or jurisdiction name as entry element |
BBC Studios, |
| Relator term |
publisher. |
| 9 (RLIN) |
6017751 |
| 907 ## - LOCAL DATA ELEMENT G, LDG (RLIN) |
| a |
.b470789840 |
| 942 ## - ADDED ENTRY ELEMENTS (KOHA) |
| Source of classification or shelving scheme |
Dewey Decimal Classification |
| Koha item type |
DVD |